Slovo Papy Ryms'koho Ioanna Pavla II pid čas zustriči z prezydentom Ukrajiny ...

Bibliographic Details
Main Author: Ján Pavol II., pápež, 1920-2005 (Author)
Format: Article
Language:Ukrainian
PhysicalDescription:Fotogr.
Subjects:

MARC

LEADER 00000nab a2200000 a 4500
001 vtls000774495
003 SK-MaSNL
005 20260318132842.0
008 180207c2001 xo 0 ukr
015 |a SNBRB2001/11-33128 
035 |a CLN000126282 
040 |a SNKBUCL  |b slo  |c SNKBUCL  |e AACR2 
041 0 |a ukr 
044 |a xo  |c SK 
080 |a 261.7  |2 UDC-MRF-SK2 
080 |a 301.15/.18(100):261.7  |2 UDC-MRF-SK2 
100 0 |a Ján Pavol  |b II.,  |c pápež,  |d 1920-2005  |4 aut  |9 106999 
245 1 0 |a Slovo Papy Ryms'koho Ioanna Pavla II  |b pid čas zustriči z prezydentom Ukrajiny ...  |c [Ioann Pavel II] 
300 |b Fotogr. 
650 0 7 |a Cirkev  |x spoločnosť  |x vzťahy  |x prejavy  |2 snkbucl  |9 1227140 
650 0 7 |a spoločnosť  |x Cirkev  |x vzťahy  |x prejavy  |2 snkbucl  |9 1227141 
655 7 |a články z novín a časopisov  |2 snkbucl  |9 267496 
773 0 |t Nove žyttja  |g Roč. 51, č. 27-28 (2001), s. 5 
850 |a Slovenská národná knižnica v Martine 
852 |a SNK  |b KIS3GCP 
958 |a RBX 
999 |c 2159152  |d 2161082